000
00271nam a2200097Ia 4500
082
_a
808.8|XABA
245
0
_a
These hands
100
_a
XABA, Makhosazana Elim Hospital [South Africa], 2005
_9
52218
942
_c
BK
008
210817s9999 xx 000 0 und d
999
_c
166555
_d
166553